000 00276nam a2200121 a 4500
008 101022s1972|||| d
100 1 _aLaskin, Boris
245 1 0 _aČlovek bez nervov
260 _bTatran
_aBratislava
_c1972
020 _c10
041 _aslo
044 _axo
_cSK
999 _c12017
_d12017